Twenty One Pilots - Midwest Indigo (All lyrics) - Statistics

General Stats
  • This quiz has been taken 119 times
  • The average score is 212 of 246
Answer Stats
Answer % Correct
a
100%
home
100%
I
100%
in
100%
my
100%
on
100%
try
100%
way
100%
you
100%
again
99%
be
99%
cold
99%
make
99%
me
99%
out
99%
so
99%
I'll
97%
indigo
97%
midwest
97%
reaching
97%
time
97%
can
96%
myself
96%
sad
94%
the
94%
and
92%
right
90%
run
90%
we're
90%
did
89%
chill
87%
man
87%
second-guess
87%
to
87%
minutes
85%
two
85%
your
83%
what's
82%
ETA
80%
not
80%
pull
80%
have
79%
running
79%
yet
79%
late
77%
didn't
76%
up
75%
forget
73%
by
69%
it's
69%
twice
69%
he
68%
I'm
66%
tight
66%
days
65%
little
65%
sunny
65%
away
63%
bit
62%
too
62%
ice
61%
old
61%
different
59%
concentrate
58%
love
58%
want
58%
cancelled
56%
like
56%
scrape
56%
windshield
56%
as
54%
barely
54%
chances
54%
requested
54%
scrapin'
54%
before
52%
kicks
52%
knife
52%
our
52%
than
52%
blue
51%
outfit
51%
been
49%
deeper
49%
seems
49%
parking
48%
wide
48%
with
48%
about
46%
cloud
46%
into
46%
lot
46%
counsel
45%
frosted
45%
gap
45%
heat
42%
pulling
42%
that
42%
matched
35%
counselor
34%
coverage
32%
No matching quizzes found
Score Distribution
Percent of People with Each Score
Percentile by Number Answered
Your Score History
You have not taken this quiz